Equipos con más títulos por Comunidad Autónoma - Estadísticas

Estadísticas generales
  • Esta prueba ha sido intentada 3.107 veces
    1.204 desde el último reinicio
  • La puntuación promedio es 20 de 34
Estadísticas de respuestas
Comunidad Autonóma Equipo % Correcto
Andalucía Sevilla FC
99%
Andalucía Real Betis Balompié / Real Jaén CF
97%
Cataluña FC Barcelona
93%
Madrid Real Madrid CF
91%
Islas Canarias UD Las Palmas
91%
Comunidad Valenciana Valencia CF
91%
Islas Baleares RCD Mallorca
90%
Madrid Atlético de Madrid
89%
Aragón Real Zaragoza
88%
País Vasco Athletic Club
87%
Asturias Real Oviedo
85%
Galicia Deportivo de La Coruña
80%
Cantabria Racing de Santander / SD Noja
77%
Aragón SD Huesca
76%
Murcia Real Murcia
74%
Navarra CA Osasuna
71%
Islas Baleares CD Atlético Baleares
68%
Comunidad Valenciana Levante UD
64%
Castilla-La Mancha Albacete Balompié
63%
Extremadura CD Badajoz / CF Don Benito
55%
País Vasco Deportivo Alavés
53%
Murcia FC Cartagena
51%
Castilla y León Burgos CF
50%
La Rioja UD Logronés
48%
Castilla y León UD Salamanca
41%
Cataluña Club Gimnàstic de Tarragona
36%
Galicia Pontevedra CF
31%
Extremadura CP Cacereño
26%
Cantabria Gimnástica de Torrelavega
15%
La Rioja UD Calahorra
10%
Asturias Caudal Deportivo
5%
Castilla-La Mancha CD Puertollano
5%
Navarra Peña Sport FC
3%
Islas Canarias UD Las Palmas Atlético
2%
No se encontraron pruebas coincidentes
Distribución de puntuación
Porcentaje de gente con cada puntuación
Porcentaje por número respondido
Historial de tus puntuaciones
No has intentado esta prueba desde el último reinicio